Realisme et poesie au theatre
Kaydedildi:
| Asıl Yazarlar: | , |
|---|---|
| Materyal Türü: | Kitap |
| Dil: | Fransızca |
| Baskı/Yayın Bilgisi: |
París
Centre National de la Recherche Scientifique
1960
|
| Konular: | |
| Etiketler: |
Etiketle
Etiket eklenmemiş, İlk siz ekleyin!
|
MARC
| LEADER | 00000nam a2200000 a 4500 | ||
|---|---|---|---|
| 001 | UCV9009 | ||
| 003 | CL-VaPUC | ||
| 008 | 920410e19600000FR |||||||||||||||||fre|d | ||
| 082 | 0 | 4 | |a 809.2 |b JAC |2 21 |
| 100 | |a Jacquot, Jean |e author |9 620713 | ||
| 700 | 0 | |a Bonnard, Andre |e author |9 302983 | |
| 245 | 1 | 0 | |a Realisme et poesie au theatre |
| 300 | |a 249 p | ||
| 942 | |c BK | ||
| 945 | |d 19920410 00:00:00 | ||
| 260 | |a París |b Centre National de la Recherche Scientifique |c 1960 | ||
| 650 | 7 | |a TEATRO HISTORIA Y CRITICA |2 CL-VaPUC |9 267443 | |
| 583 | |a last modification |c 19920410 00:00:00 |k Rodrigo Vera | ||
| 999 | |c 214409 |d 214407 | ||
| 952 | |0 0 |1 0 |4 0 |6 809_200000000000000_JAC_1960 |7 0 |8 P |9 197726 |a BIBARQ |b BIBARQ |d 2019-11-14 |i 2653931 |o 809.2 JAC 1960 |p 2653931 |r 2025-01-20 |w 2019-11-14 |y BK |k ARQ | ||